000 01730nam a22002297a 4500
005 20230105113907.0
008 230105b ||||| |||| 00| 0 eng d
040 _cAL
041 _aeng
082 _223
_a366
_bWEBS
100 _aNesta H Webster
_968534
245 _aSecret societies and suversive movements
260 _aPalmadale
_bOmnni Publications
_c2010
300 _axii,419p.
_bPB
_c21x14cm.
365 _2Others
520 _aThis work has been selected by scholars as being culturally important, and is part of the knowledge base of civilization as we know it. This work was reproduced from the original artifact, and remains as true to the original work as possible. Therefore, you will see the original copyright references, library stamps (as most of these works have been housed in our most important libraries around the world), and other notations in the work. This work is in the public domain in the United States of America, and possibly other nations. Within the United States, you may freely copy and distribute this work, as no entity (individual or corporate) has a copyright on the body of the work.As a reproduction of a historical artifact, this work may contain missing or blurred pages, poor pictures, errant marks, etc. Scholars believe, and we concur, that this work is important enough to be preserved, reproduced, and made generally available to the public. We appreciate your support of the preservation process, and thank you for being an important part of keeping this knowledge alive and relevant.
650 _aAncient Secret Traditions
_968535
650 _aJewish Peril
_968536
650 _aCenturies of Occultism
_968537
700 _aWEBSTER (Nesta H)
_968538
942 _2ddc
_cDB
999 _c226254
_d226254